000 00710nam a2200253Ia 4500
003 OSt
005 20221005022604.0
006 a|||||r|||| 00| 0
007 ta
008 221004b |||||||| |||| 00| 0 eng d
020 _a0472097547
024 _a45458
037 _cTextual
040 _aCRL
_cCRL
_beng
041 _2eng
_aeng
082 _aO111,2J64:g, P0
100 _aO'Dair Sharon
_9578256
245 0 _aClass critics and Shakespare bottom lines on the culture wars
260 _aAmerica
_bUniversity of Michigan Press
_c2000
300 _a166p.
_ccm.
650 _aENGLISH LITERATURE
942 _hO111,2J64:g, P0
_cTEXL
_2cc
999 _c929664
_d929664